LEADER 01172nam a2200265 i 4500 001 000000156419 003 CaOOAMICUS 005 20061215000000.0 008 061215s1983 it u000 u mul u 013 $a133774 040 $aSeMil$bita 100 1 $aDonne, John,$d<1572-1631>.$0(OLS)http://semarc/name/43760 245 10$aLiriche sacre e profane ; Anatomia del mondo ; Duello della morte /$cJohn Donne ; a cura di Giorgio Melchiori. 260 $aMilano :$bArnoldo Mondadori Editore,$c1983. 300 $aLXIII, 238 p. ;$c19 cm. 490 0 $aBiblioteca : collana economica di classici ;$v64 500 $aContiene : Bibliografia. - Fondo Ciprandi. 700 1 $aMelchiori, Giorgio,$d<1921-2009>.$0(OLS)http://semarc/name/6252 830 0$aBiblioteca ;$v64.$0(OLS)http://semarc/title/7577 850 $aSeMil 852 $aSeMil$W1$xVenegono$y1$m1U II 30$j108191$B108191$CSeMilBibl$Z2$F118177 $81 941 1 $a1 961 $aOmaggio: Ciprandi dott. Paolo 996 $6245$aLiriche sacre e profane ; Anatomia del mondo ; Duello della morte$9(OLS)http://semarc/title/229267 996 $6260$aMilano :$bArnoldo Mondadori Editore$9(OLS)http://semarc/publisher/30056 LEADER 01087nam a2200241 i 4500 001 000000128452 003 CaOOAMICUS 005 20040723000000.0 008 040723s1978 gw u000 u ger u 013 $a101179 040 $aSeMil$bita 100 1 $aBienert, Wolfgang A.$0(OLS)http://semarc/name/35089 245 10$aDionysius von Alexandrien :$bzur frage des Origenismus im dritten Jahrhundert /$cvon Wolfgang A. Bienert. 260 $aBerlin ; New York :$bDe Gruyter,$c1978. 300 $a251 p. ;$c24 cm. 490 0 $aPatristische Texte und Studien ;$v21 500 $aContiene : Literatur. 650 4$aDionigi : di Alessandria - Origene.$0(OLS)http://semarc/subject/25371 830 0$aPatristische Texte und Studien ;$v21.$0(OLS)http://semarc/title/119 850 $aSeMil 852 $aSeMil$W1$xVenegono$y1$mSL2.C IV 21$j82676$B82676$CSeMilBibl$Z2$F85020 $8I 996 $6245$aDionysius von Alexandrien :$bzur frage des Origenismus im dritten Jahrhundert$9(OLS)http://semarc/title/189848 996 $6260$aBerlin ; New York :$bDe Gruyter$9(OLS)http://semarc/publisher/29892